[Event "Mittelrhein Regionalliga 18/19"]
[Site "Nordrheinwestfalen"]
[Date "2019.03.10"]
[Round "8.2"]
[White "Stoeber, Michael"]
[Black "Maric, Boris"]
[Result "1/2-1/2"]
[WhiteElo "2201"]
[BlackElo "2010"]
[PlyCount "134"]
[EventDate "2018.10.28"]
[EventType "team-tourn"]
[EventRounds "11"]
[EventCountry "GER"]
[SourceTitle "EXT 2022"]
[Source "ChessBase"]
[SourceDate "2021.10.06"]
[SourceVersion "1"]
[SourceVersionDate "2021.10.06"]
[SourceQuality "1"]
[WhiteTeam "Langenfeld"]
[BlackTeam "Koeln SF II"]
[WhiteTeamCountry "GER"]
[BlackTeamCountry "GER"]

1. c4 e5 2. g3 Nf6 3. Bg2 c6 4. d4 e4 5. Nc3 d5 6. cxd5 cxd5 7. Bg5 Nbd7 8. Qb3 Bd6 9. Nh3 h6 10. Bf4 Nb6 11. Bxd6 Qxd6 12. Nb5 Qd8 13. Qb4 Qe7 14. Qc5 Kf8 15. Rc1 Bd7 16. Nd6 Bc6 17. Nf5 Qxc5 18. dxc5 Nc4 19. b3 Ne5 20. 0-0 g6 21. Nd4 a5 22. f3 Kg7 23. Nf2 Rhe8 24. Rc3 Rad8 25. Rd1 h5 26. h4 exf3 27. exf3 Bd7 28. Bf1 Nc6 29. Nb5 d4 30. Nxd4 Nxd4 31. Rxd4 Bf5 32. Rxd8 Rxd8 33. Re3 Rd5 34. Re7 Nd7 35. Bc4 Rxc5 36. Rxf7+ Kh8 37. g4 Ne5 38. Rf8+ Kg7 39. Rg8+ Kh7 40. gxf5 Rxc4 41. Rb8 Nxf3+ 42. Kg2 Nxh4+ 43. Kh3 Rf4 44. Nd3 Rf3+ 45. Kxh4 Rxd3 46. Rxb7+ Kh6 47. Rb6 Rd4+ 48. Kh3 Rg4 49. Ra6 Kg7 50. Rxa5 g5 51. Rb5 Rg1 52. a4 Kf6 53. a5 Ra1 54. Kg3 Ra2 55. Kf3 Ra1 56. b4 Rf1+ 57. Ke4 Re1+ 58. Kd5 h4 59. a6 h3 60. Rb6+ Kxf5 61. Rh6 Rd1+ 62. Kc6 g4 63. b5 Rd8 64. a7 Kg5 65. Rh7 Kg6 66. Rh4 Kg5 67. Rh7 Kg6 1/2-1/2

[Event "Mittelrhein Regionalliga 18/19"]
[Site "Nordrheinwestfalen"]
[Date "2019.01.20"]
[Round "6.2"]
[White "Stoeber, Michael"]
[Black "Dardha, Daniel"]
[Result "0-1"]
[WhiteElo "2201"]
[BlackElo "2314"]
[PlyCount "78"]
[EventDate "2018.10.28"]
[EventType "team-tourn"]
[EventRounds "11"]
[EventCountry "GER"]
[SourceTitle "EXT 2022"]
[Source "ChessBase"]
[SourceDate "2021.10.06"]
[SourceVersion "1"]
[SourceVersionDate "2021.10.06"]
[SourceQuality "1"]
[WhiteTeam "Langenfeld"]
[BlackTeam "Aachen DJK Aufwärts III"]
[WhiteTeamCountry "GER"]
[BlackTeamCountry "GER"]

1. Nf3 d6 2. d4 Nf6 3. c4 Nbd7 4. Nc3 e5 5. e4 g6 6. Be2 Bg7 7. 0-0 0-0 8. Re1 c6 9. Bf1 Qc7 10. Rb1 Re8 11. d5 a6 12. b4 cxd5 13. Nxd5 Nxd5 14. cxd5 Nf6 15. Nd2 Bg4 16. f3 Bd7 17. Nc4 Bb5 18. Na5 Bxf1 19. Kxf1 Nh5 20. g3 f5 21. Kg2 Qf7 22. Be3 f4 23. Bd2 fxg3 24. hxg3 Rf8 25. Rc1 Rad8 26. Qe2 Rd7 27. Rc3 g5 28. Nc4 Qg6 29. Nb6 Rdf7 30. Rc8 Nf6 31. Rxf8+ Bxf8 32. g4 h5 33. gxh5 Nxh5 34. Rg1 g4 35. fxg4 Nf4+ 36. Bxf4 Rxf4 37. Kh3 Rxe4 38. Qf3 Rxb4 39. Nd7 Qh7+ 0-1

[Event "Mittelrhein Regionalliga 18/19"]
[Site "Nordrheinwestfalen"]
[Date "2018.10.28"]
[Round "3.2"]
[White "Draftian, Ashote"]
[Black "Stoeber, Michael"]
[Result "1/2-1/2"]
[WhiteElo "2236"]
[BlackElo "2201"]
[PlyCount "59"]
[EventDate "2018.10.28"]
[EventType "team-tourn"]
[EventRounds "11"]
[EventCountry "GER"]
[SourceTitle "EXT 2022"]
[Source "ChessBase"]
[SourceDate "2021.10.06"]
[SourceVersion "1"]
[SourceVersionDate "2021.10.06"]
[SourceQuality "1"]
[WhiteTeam "Alsdorf SVG"]
[BlackTeam "Langenfeld"]
[WhiteTeamCountry "GER"]
[BlackTeamCountry "GER"]

1. e4 e6 2. d4 d5 3. Nc3 Bb4 4. exd5 exd5 5. Qf3 Ne7 6. Bf4 Be6 7. 0-0-0 Qd7 8. h3 a6 9. g4 Nbc6 10. Nge2 Ng6 11. Bg3 0-0-0 12. Bg2 Be7 13. Rhe1 Nh4 14. Bxh4 Bxh4 15. Nf4 Bg5 16. Kb1 Bxf4 17. Qxf4 h5 18. f3 Ne7 19. Qg5 Rh7 20. Ne2 f6 21. Qe3 Ng6 22. Ng3 hxg4 23. fxg4 Re8 24. Qd3 Rh6 25. Nh5 Re7 26. Re3 f5 27. Rde1 fxg4 28. hxg4 Bxg4 29. Rxe7 Nxe7 30. Nxg7 1/2-1/2

[Event "Mittelrhein Regionalliga 1718"]
[Site "Nordrheinwestfalen"]
[Date "2018.04.15"]
[Round "8.2"]
[White "Stoeber, Michael"]
[Black "Weigant, Wladimir"]
[Result "1/2-1/2"]
[WhiteElo "2196"]
[BlackElo "2129"]
[PlyCount "115"]
[EventDate "2017.09.10"]
[EventType "team-tourn"]
[EventRounds "9"]
[EventCountry "GER"]
[SourceTitle "EXT 2022"]
[Source "ChessBase"]
[SourceDate "2021.10.06"]
[SourceVersion "1"]
[SourceVersionDate "2021.10.06"]
[SourceQuality "1"]
[WhiteTeam "Langenfeld"]
[BlackTeam "Bonn Stadtverwaltung"]
[WhiteTeamCountry "GER"]
[BlackTeamCountry "GER"]

1. Nf3 d6 2. d4 Bg4 3. e4 Nf6 4. Nc3 e6 5. h3 Bh5 6. Bd3 Be7 7. g4 Bg6 8. h4 h5 9. e5 Nxg4 10. Bxg6 fxg6 11. Qd3 0-0 12. exd6 cxd6 13. Rh3 Rf5 14. Be3 Nc6 15. 0-0-0 Qf8 16. Qe4 Nd8 17. d5 e5 18. Rg1 Qf7 19. Nh2 Nxf2 20. Bxf2 Rxf2 21. Nf3 Qf5 22. Rhg3 Bf6 23. Kd1 Kf8 24. Nd2 Rf4 25. Qg2 Rc8 26. Rxg6 Nf7 27. Nce4 Ke7 28. c3 b5 29. Qe2 a6 30. R6g2 Rxh4 31. Rf2 Rf4 32. Rxf4 Qxf4 33. Qxh5 Rh8 34. Qg6 Rh6 35. Qg3 Qxg3 36. Nxg3 Rh2 37. Nf5+ Kf8 38. a4 Rf2 39. Ne3 Bg5 40. Ne4 Bxe3 41. Nxf2 Bxf2 42. Rf1 Bb6 43. axb5 axb5 44. Ke2 Ke7 45. Ra1 Nd8 46. Ra6 Bc7 47. Kd3 Kd7 48. b4 Nb7 49. Ra7 Kc8 50. Ra8+ Bb8 51. Ra2 Bc7 52. Rg2 Bb6 53. Rxg7 Bf2 54. Ke2 Bb6 55. Kd3 Nd8 56. Rh7 Bf2 57. Ke2 Bg3 58. Rg7 1/2-1/2

[Event "Mittelrhein Regionalliga 1718"]
[Site "Nordrheinwestfalen"]
[Date "2017.11.12"]
[Round "3.2"]
[White "Stoeber, Michael"]
[Black "Gerusel, Mathias"]
[Result "1/2-1/2"]
[WhiteElo "2196"]
[BlackElo "2122"]
[PlyCount "30"]
[EventDate "2017.09.10"]
[EventType "team-tourn"]
[EventRounds "9"]
[EventCountry "GER"]
[SourceTitle "EXT 2022"]
[Source "ChessBase"]
[SourceDate "2021.10.06"]
[SourceVersion "1"]
[SourceVersionDate "2021.10.06"]
[SourceQuality "1"]
[WhiteTeam "Langenfeld"]
[BlackTeam "Godesberg II"]
[WhiteTeamCountry "GER"]
[BlackTeamCountry "GER"]

1. Nf3 d5 2. g3 c6 3. Bg2 Bg4 4. c4 e6 5. 0-0 Nd7 6. cxd5 cxd5 7. d3 Ngf6 8. Nc3 Bd6 9. e4 dxe4 10. dxe4 Ne5 11. Nb5 0-0 12. Nxd6 Nxf3+ 13. Bxf3 Bxf3 14. Qxf3 Qxd6 15. Bg5 Qe5 1/2-1/2

[Event "Bayern-chI Bank Hofmann 21st"]
[Site "Tegernsee"]
[Date "2017.11.05"]
[Round "9"]
[White "Stoeber, Michael"]
[Black "Zhao, Shengxin"]
[Result "1/2-1/2"]
[WhiteElo "2261"]
[BlackElo "2113"]
[PlyCount "24"]
[EventDate "2017.10.28"]
[EventType "swiss"]
[EventRounds "9"]
[EventCountry "GER"]
[SourceTitle "CBM 181 Extra"]
[Source "ChessBase"]
[SourceDate "2017.12.12"]
[SourceVersion "1"]
[SourceVersionDate "2017.12.12"]
[SourceQuality "1"]

1. Nf3 d5 2. g3 Nf6 3. Bg2 Bf5 4. c4 c6 5. cxd5 cxd5 6. d3 Nc6 7. 0-0 e5 8. Bg5 Be7 9. Qb3 Qd7 10. Bxf6 Bxf6 11. Nc3 Be6 12. Nd2 Rd8 1/2-1/2

[Event "Bayern-chI Bank Hofmann 21st"]
[Site "Tegernsee"]
[Date "2017.10.29"]
[Round "2"]
[White "Stoeber, Michael"]
[Black "Koelle, Tobias"]
[Result "1-0"]
[WhiteElo "2261"]
[BlackElo "2008"]
[PlyCount "53"]
[EventDate "2017.10.28"]
[EventType "swiss"]
[EventRounds "9"]
[EventCountry "GER"]
[SourceTitle "CBM 181 Extra"]
[Source "ChessBase"]
[SourceDate "2017.12.12"]
[SourceVersion "1"]
[SourceVersionDate "2017.12.12"]
[SourceQuality "1"]

1. Nf3 Nf6 2. c4 c6 3. Nc3 d5 4. e3 e6 5. b3 Be7 6. Bb2 0-0 7. Qc2 Nbd7 8. d4 b6 9. Bd3 Bb7 10. Ne5 Rc8 11. 0-0 c5 12. Rad1 cxd4 13. exd4 a6 14. Rfe1 Qc7 15. cxd5 Bb4 16. dxe6 Nxe5 17. dxe5 Ng4 18. Bxh7+ Kh8 19. Rd7 Qc5 20. e7 Rfe8 21. Rxb7 g6 22. e6 Rxe7 23. Rxe7 Qxe7 24. Nd5+ Kxh7 25. Qxc8 Qf8 26. Qxf8 Bxf8 27. e7 1-0

[Event "Mittelrhein Regionalliga 16/17"]
[Site "Nordrheinwestfalen"]
[Date "2017.01.29"]
[Round "7.2"]
[White "Stoeber, Michael"]
[Black "Nagel, Bernhard"]
[Result "0-1"]
[WhiteElo "2208"]
[BlackElo "2148"]
[PlyCount "86"]
[EventDate "2016.09.11"]
[EventType "team-tourn"]
[EventRounds "11"]
[EventCountry "GER"]
[SourceTitle "EXT 2022"]
[Source "ChessBase"]
[SourceDate "2021.10.06"]
[SourceVersion "1"]
[SourceVersionDate "2021.10.06"]
[SourceQuality "1"]
[WhiteTeam "Langenfeld"]
[BlackTeam "Koeln Lasker"]
[WhiteTeamCountry "GER"]
[BlackTeamCountry "GER"]

1. Nf3 Nf6 2. g3 b6 3. Bg2 Bb7 4. 0-0 e6 5. c4 Be7 6. d4 0-0 7. Nc3 Ne4 8. Bd2 f5 9. Be1 d6 10. Qb3 Nxc3 11. Bxc3 Qc8 12. d5 e5 13. c5 Kh8 14. c6 Ba6 15. Qc2 Qe8 16. Rfd1 Qf7 17. Qd2 f4 18. gxf4 Qxf4 19. Qxf4 Rxf4 20. Nxe5 Kg8 21. e3 Rf8 22. Nd3 Bxd3 23. Rxd3 a5 24. e4 Na6 25. e5 Rf4 26. Rf3 Raf8 27. Rxf4 Rxf4 28. Re1 Kf8 29. exd6 Bxd6 30. Bh3 Nb4 31. Be5 Bxe5 32. Rxe5 Rd4 33. Be6 Ke7 34. Rg5 g6 35. a3 Nxc6 36. Bg8 Kf6 37. Rg3 Ne7 38. Rf3+ Kg7 39. Rf7+ Kxg8 40. Rxe7 Rxd5 41. Rxc7 Rd2 42. b4 axb4 43. axb4 Rd4 0-1

[Event "Mittelrhein Regionalliga 16/17"]
[Site "Nordrheinwestfalen"]
[Date "2016.12.18"]
[Round "5.2"]
[White "Andreev, Eduard"]
[Black "Stoeber, Michael"]
[Result "1/2-1/2"]
[WhiteElo "2466"]
[BlackElo "2208"]
[PlyCount "73"]
[EventDate "2016.09.11"]
[EventType "team-tourn"]
[EventRounds "11"]
[EventCountry "GER"]
[SourceTitle "EXT 2022"]
[Source "ChessBase"]
[SourceDate "2021.10.06"]
[SourceVersion "1"]
[SourceVersionDate "2021.10.06"]
[SourceQuality "1"]
[WhiteTeam "Siegburg"]
[BlackTeam "Langenfeld"]
[WhiteTeamCountry "GER"]
[BlackTeamCountry "GER"]

1. e4 d6 2. d4 Nf6 3. Nc3 g6 4. h3 Bg7 5. Be3 c6 6. Nf3 Nbd7 7. a4 0-0 8. Qd2 e5 9. dxe5 dxe5 10. Rd1 Qe7 11. Qd6 Qxd6 12. Rxd6 Re8 13. Bc4 Bf8 14. Rd1 h6 15. Nd2 Kg7 16. 0-0 Bb4 17. f3 Nb6 18. Bb3 Be6 19. Na2 Bxd2 20. Bxd2 Nxa4 21. Bxa4 Bxa2 22. b3 b5 23. Ra1 bxa4 24. Rxa2 axb3 25. cxb3 Rad8 26. Rc1 Re6 27. Kf2 Ne8 28. Be3 Rd7 29. Ra5 f6 30. Rca1 Ree7 31. b4 Rf7 32. Bc5 Nc7 33. Rxa7 Ne6 34. Rxd7 Rxd7 35. Be3 h5 36. Ra6 Rc7 37. h4 1/2-1/2

[Event "Mittelrhein Regionalliga 15/16"]
[Site "Nordrheinwestfalen"]
[Date "2016.01.10"]
[Round "5.2"]
[White "Walter, Kurt"]
[Black "Stoeber, Michael"]
[Result "1-0"]
[WhiteElo "2076"]
[BlackElo "2194"]
[PlyCount "39"]
[EventDate "2015.09.27"]
[EventType "team-tourn"]
[EventRounds "9"]
[EventCountry "GER"]
[SourceTitle "EXT 2022"]
[Source "ChessBase"]
[SourceDate "2021.10.06"]
[SourceVersion "1"]
[SourceVersionDate "2021.10.06"]
[SourceQuality "1"]
[WhiteTeam "Koeln SF II"]
[BlackTeam "Langenfeld"]
[WhiteTeamCountry "GER"]
[BlackTeamCountry "GER"]

1. e4 g6 2. d4 Bg7 3. Nc3 d6 4. f4 Nf6 5. Nf3 0-0 6. Bd3 Nc6 7. 0-0 Bg4 8. e5 dxe5 9. dxe5 Nd5 10. Qe1 Ncb4 11. Nxd5 Nxd3 12. Nxe7+ Kh8 13. cxd3 Qxd3 14. Qh4 Bxf3 15. Rxf3 Qd1+ 16. Rf1 Qd4+ 17. Kh1 Bxe5 18. Be3 Qe4 19. Rae1 Bxb2 20. Bc1 1-0

[Event "Mittelrhein Regionalliga 15/16"]
[Site "Nordrheinwestfalen"]
[Date "2015.12.13"]
[Round "4.2"]
[White "Stoeber, Michael"]
[Black "Wantiez, Fabrice"]
[Result "0-1"]
[WhiteElo "2194"]
[BlackElo "2292"]
[PlyCount "92"]
[EventDate "2015.09.27"]
[EventType "team-tourn"]
[EventRounds "9"]
[EventCountry "GER"]
[SourceTitle "EXT 2022"]
[Source "ChessBase"]
[SourceDate "2021.10.06"]
[SourceVersion "1"]
[SourceVersionDate "2021.10.06"]
[SourceQuality "1"]
[WhiteTeam "Langenfeld"]
[BlackTeam "Aachen DJK Aufwärts III"]
[WhiteTeamCountry "GER"]
[BlackTeamCountry "GER"]

1. Nf3 Nf6 2. g3 g6 3. Bg2 Bg7 4. c4 b6 5. d4 Bb7 6. Nc3 Ne4 7. Nxe4 Bxe4 8. 0-0 d5 9. Bf4 0-0 10. Rc1 Nc6 11. Ne5 Nxe5 12. dxe5 Bxg2 13. Kxg2 d4 14. Qd3 Qd7 15. Qe4 Rfd8 16. Rfd1 f5 17. exf6 exf6 18. c5 g5 19. cxb6 cxb6 20. Rc7 Qd5 21. Qxd5+ Rxd5 22. Bd2 Bf8 23. Rdc1 a5 24. R1c6 Re8 25. Kf1 Rc5 26. Rxc5 Bxc5 27. Bxa5 Ra8 28. Be1 Rxa2 29. b4 Bf8 30. Rb7 Ra1 31. Rxb6 g4 32. Rb8 Kf7 33. f4 gxf3 34. exf3 d3 35. Kf2 Ra2+ 36. Ke3 Re2+ 37. Kxd3 Rxe1 38. b5 Bd6 39. Rh8 Kg6 40. Rg8+ Kf5 41. Rh8 Kg6 42. Rg8+ Kf7 43. Rh8 Kg7 44. Rd8 Bc5 45. Rc8 Bg1 46. Kc2 Re5 0-1

[Event "NRW Class2 1011"]
[Site "Germany"]
[Date "2010.10.24"]
[Round "2.3"]
[White "Stoeber, Michael"]
[Black "Tawakol, Kai"]
[Result "1-0"]
[WhiteElo "2280"]
[BlackElo "2151"]
[PlyCount "125"]
[EventDate "2010.09.26"]
[EventType "team-tourn"]
[EventRounds "9"]
[EventCountry "GER"]
[SourceTitle "EXT 2012"]
[Source "ChessBase"]
[SourceDate "2011.11.24"]
[SourceVersion "1"]
[SourceVersionDate "2011.11.24"]
[SourceQuality "1"]
[WhiteTeam "Monheim"]
[BlackTeam "Schwerte"]
[WhiteTeamCountry "GER"]
[BlackTeamCountry "GER"]

1. d4 Nf6 2. c4 e6 3. Nf3 b6 4. e3 Bb7 5. Bd3 d5 6. b3 Nbd7 7. 0-0 Bd6 8. Bb2 0-0 9. Nbd2 Ne4 10. Qc2 f5 11. Rae1 c6 12. Ne5 Nxe5 13. dxe5 Bb4 14. Bxe4 dxe4 15. Rd1 Qc7 16. Bd4 Rfd8 17. Nb1 Be7 18. Nc3 Rd7 19. Ne2 Bg5 20. c5 Ba6 21. cxb6 axb6 22. Bxb6 Qb7 23. Rxd7 Qxd7 24. Rd1 Bd3 25. Qb2 Qb7 26. Bd4 c5 27. Bc3 Qa6 28. Nc1 f4 29. exf4 Bxf4 30. Bd2 Bxd2 31. Rxd2 c4 32. h3 Qa5 33. bxc4 Bxc4 34. Rd7 Bd5 35. Qc2 e3 36. fxe3 Qe1+ 37. Kh2 Qxe3 38. Nd3 Qe4 39. Qf2 Rf8 40. Qg3 Rf7 41. Rd8+ Rf8 42. Rxf8+ Kxf8 43. a3 Kg8 44. Nf2 Qd4 45. Ng4 Bc6 46. Nf6+ Kh8 47. Nh5 g6 48. Qf4 Qd8 49. Qf6+ Qxf6 50. Nxf6 Kg7 51. g4 h5 52. Kg3 hxg4 53. Kxg4 Kh6 54. Ng8+ Kg7 55. Ne7 Bg2 56. h4 Kf7 57. Nc8 Ke8 58. Kg5 Kf7 59. a4 Bf1 60. a5 Bd3 61. Nd6+ Ke7 62. Nb7 Bf5 63. Nc5 1-0

[Event "Oberliga NRW 0910"]
[Site "Germany"]
[Date "2009.11.22"]
[Round "3.2"]
[White "Stoeber, Michael"]
[Black "Illner, Achim"]
[Result "1/2-1/2"]
[WhiteElo "2294"]
[BlackElo "2351"]
[PlyCount "82"]
[EventDate "2009.09.20"]
[EventType "team-tourn"]
[EventRounds "9"]
[EventCountry "GER"]
[SourceTitle "EXT 2011"]
[Source "ChessBase"]
[SourceDate "2010.11.26"]
[SourceVersion "1"]
[SourceVersionDate "2010.11.26"]
[SourceQuality "1"]
[WhiteTeam "Monheim"]
[BlackTeam "Bochum"]
[WhiteTeamCountry "GER"]
[BlackTeamCountry "GER"]

1. Nf3 c5 2. g3 Nc6 3. Bg2 e5 4. d3 g6 5. c4 Bg7 6. Nc3 Nge7 7. a3 0-0 8. 0-0 d6 9. Rb1 a5 10. Ne1 Be6 11. Nd5 Rb8 12. Bd2 b5 13. cxb5 Rxb5 14. Qa4 Nd4 15. e3 Nxd5 16. exd4 Qb6 17. dxc5 dxc5 18. Nf3 Ne7 19. b4 Qb8 20. Ng5 Bf5 21. Ne4 cxb4 22. axb4 Rd8 23. Bg5 Bf8 24. Nc3 Rxb4 25. Qxa5 Rxb1 26. Rxb1 Qd6 27. Nd5 Be6 28. Rb6 Nxd5 29. Rxd6 Rxd6 30. Qa8 Nb6 31. Qe8 Rxd3 32. Be4 Rd1+ 33. Kg2 Nd7 34. Bh6 Bd5 35. Bxd5 Rxd5 36. h4 Rd6 37. Bxf8 Nxf8 38. Qxe5 Re6 39. Qd4 h5 40. f3 Re2+ 41. Kh3 Ne6 1/2-1/2

[Event "NRW Class1 0809"]
[Site "Germany"]
[Date "2008.11.30"]
[Round "4.3"]
[White "Stoeber, Michael"]
[Black "Coenen, Michael"]
[Result "0-1"]
[WhiteElo "2311"]
[BlackElo "2176"]
[PlyCount "98"]
[EventDate "2008.09.21"]
[EventType "team-tourn"]
[EventRounds "9"]
[EventCountry "GER"]
[SourceTitle "EXT 2010"]
[Source "ChessBase"]
[SourceDate "2010.11.25"]
[SourceVersion "1"]
[SourceVersionDate "2010.11.25"]
[SourceQuality "1"]
[WhiteTeam "Monheim"]
[BlackTeam "Koeln Porz II"]
[WhiteTeamCountry "GER"]
[BlackTeamCountry "GER"]

1. Nf3 Nf6 2. g3 d5 3. Bg2 e6 4. 0-0 Bd6 5. d3 0-0 6. Nbd2 e5 7. e4 dxe4 8. dxe4 Nc6 9. c3 h6 10. Qe2 Re8 11. Nc4 Bf8 12. b4 b5 13. Ncd2 a5 14. bxa5 Nxa5 15. Rd1 Bd7 16. Bb2 Bd6 17. Bf1 Qe7 18. Nh4 g6 19. h3 Kg7 20. Qf3 Qe6 21. g4 Nh7 22. Qg3 Kf8 23. Rdc1 Nc4 24. Nxc4 bxc4 25. Rd1 Ra4 26. Bc1 Kg7 27. Nf5+ Kh8 28. Bxh6 Bc6 29. Ng7 Qf6 30. Nxe8 Bxe8 31. Be3 Bc6 32. f3 Kg8 33. Rab1 Ng5 34. Be2 Rxa2 35. Rd2 Ra3 36. h4 Ne6 37. Rb8+ Kg7 38. g5 Qe7 39. Rc2 Nf4 40. Bxc4 Bc5 41. Qe1 Bxe3+ 42. Qxe3 Ra1+ 43. Bf1 Bd7 44. Kf2 Qa3 45. Rb4 Bh3 46. Bxh3 Nxh3+ 47. Kg3 Nf4 48. Rb7 Qa6 49. Qc5 Nh5+ 0-1

[Event "NRW Class2 0708"]
[Site "Germany"]
[Date "2007.11.04"]
[Round "3.2"]
[White "Stanetzek, Carsten"]
[Black "Stoeber, Michael"]
[Result "1/2-1/2"]
[WhiteElo "2260"]
[BlackElo "2287"]
[PlyCount "50"]
[EventDate "2007.09.16"]
[EventType "team"]
[EventRounds "9"]
[EventCountry "GER"]
[SourceTitle "EXT 2009"]
[Source "ChessBase"]
[SourceDate "2008.11.26"]
[SourceVersion "1"]
[SourceVersionDate "2008.11.26"]
[SourceQuality "1"]
[WhiteTeam "Niederkassel"]
[BlackTeam "Monheim"]
[WhiteTeamCountry "GER"]
[BlackTeamCountry "GER"]

1. e4 e6 2. d4 d5 3. exd5 exd5 4. Nf3 Bd6 5. c4 dxc4 6. Bxc4 Nf6 7. 0-0 0-0 8. Bg5 Bg4 9. h3 Bh5 10. g4 Bg6 11. Nc3 Nbd7 12. Re1 c6 13. Ne5 Re8 14. Nxg6 Rxe1+ 15. Qxe1 hxg6 16. Rd1 Qc7 17. Qe3 Re8 18. Qf3 a6 19. Bb3 c5 20. Nd5 Qc6 21. dxc5 Bxc5 22. Nxf6+ Nxf6 23. Qxc6 bxc6 24. Bxf6 gxf6 25. Rd7 Re7 1/2-1/2

[Event "NRW Class2 0607"]
[Site "Germany"]
[Date "2007.03.18"]
[Round "7.1"]
[White "Stoeber, Michael"]
[Black "Rosen, Bernd"]
[Result "1/2-1/2"]
[WhiteElo "2285"]
[BlackElo "2322"]
[PlyCount "81"]
[EventDate "2006.09.17"]
[EventType "team-tourn"]
[EventRounds "9"]
[EventCountry "GER"]
[SourceTitle "EXT 2008"]
[Source "ChessBase"]
[SourceDate "2007.11.25"]
[SourceVersion "1"]
[SourceVersionDate "2007.11.25"]
[SourceQuality "1"]
[WhiteTeam "Monheim"]
[BlackTeam "Katernberg II"]
[WhiteTeamCountry "GER"]
[BlackTeamCountry "GER"]

1. e4 e6 2. d3 c5 3. Nf3 Nc6 4. g3 d6 5. Bg2 g6 6. 0-0 Bg7 7. c3 Nge7 8. Be3 0-0 9. Qd2 b6 10. Bh6 e5 11. Na3 f6 12. d4 cxd4 13. cxd4 Bg4 14. Bxg7 Kxg7 15. Nc2 Qc8 16. d5 Na5 17. Rfc1 Qd7 18. Ne3 Rac8 19. Qb4 Nb7 20. Nxg4 Qxg4 21. Qa4 Rxc1+ 22. Rxc1 Rc8 23. Re1 Ra8 24. Rc1 Nc5 25. Qb5 Rc8 26. Nd2 a6 27. Qf1 f5 28. exf5 gxf5 29. Nc4 e4 30. Nxb6 Rb8 31. Nc4 Nd3 32. Ne3 Qg5 33. Rc7 Rxb2 34. Rxe7+ Kf8 35. Ra7 Rxf2 36. Qa1 Rb2 37. Nc4 Qf6 38. Ra8+ Kg7 39. Nxb2 Qd4+ 40. Kh1 Nf2+ 41. Kg1 1/2-1/2

[Event "NRW Class1 0506"]
[Site "Germany"]
[Date "2005.11.06"]
[Round "3.1"]
[White "Stoeber, Michael"]
[Black "Schmidt, Bodo"]
[Result "0-1"]
[WhiteElo "2296"]
[BlackElo "2332"]
[PlyCount "36"]
[EventDate "2005.09.25"]
[EventType "team"]
[EventRounds "9"]
[EventCountry "GER"]
[SourceTitle "EXT 2006"]
[Source "ChessBase"]
[SourceDate "2005.11.24"]
[SourceVersion "1"]
[SourceVersionDate "2005.11.24"]
[SourceQuality "1"]
[WhiteTeam "Monheim"]
[BlackTeam "Godesberg II"]
[WhiteTeamCountry "GER"]
[BlackTeamCountry "GER"]

1. d4 d5 2. c4 c6 3. Nf3 Nf6 4. Nc3 dxc4 5. a4 Bf5 6. e3 e6 7. Bxc4 Bb4 8. 0-0 0-0 9. Qe2 Bg4 10. Rd1 Nbd7 11. e4 Qa5 12. e5 Nd5 13. Nxd5 cxd5 14. Bd3 h6 15. h3 Bh5 16. Bxh6 gxh6 17. Qe3 Kg7 18. Nh4 Qd8 0-1